00440nam a2200157Ia 4500003000400000008004100004040001600045082001600061100002100077245007600098260004200174300001000216650002200226650000900248650002500257GCL140319s9999 xx 000 0 eng d aGCL / cGCL04a759.05bA C1 aACKERMAN, GERALD10aJEAN - LEON GEROME: SA VIE, SON OEUVRE 1824 - 1904 / cACKERMAN, GERALD a[S.N] : bACR POCHE COULEUR ، c1997 a192 P04aGEROME, JEAN-LEON04aARTS04aPAINTERS - BIOGRAPHY